Biểu trưng trong ca dao Nam Bộ : Đề tài Khoa học Công nghệ cấp trường

Nội dung giới thiệu các biểu trưng nghên thuật trong ca dao Nam Bộ, vùng đất Nam bộ trong ngôn ngữ biểu trưng của ca dao và con người Nam bộ trong ngôn ngữ biểu trưng của ca dao.

সংরক্ষণ করুন:
গ্রন্থ-পঞ্জীর বিবরন
প্রধান লেখক: Trần, Văn Nam
বিন্যাস: গ্রন্থ
ভাষা:Undetermined
প্রকাশিত: Cần Thơ Trường Đại học Cần Thơ 2001
বিষয়গুলি:
ট্যাগগুলো: ট্যাগ যুক্ত করুন
কোনো ট্যাগ নেই, প্রথমজন হিসাবে ট্যাগ করুন!
Thư viện lưu trữ: Trung tâm Học liệu Trường Đại học Cần Thơ
LEADER 00904nam a2200205Ia 4500
001 CTU_205164
008 210402s9999 xx 000 0 und d
082 |a 398.809597 
082 |b N104 
100 |a Trần, Văn Nam 
245 0 |a Biểu trưng trong ca dao Nam Bộ : 
245 0 |b Đề tài Khoa học Công nghệ cấp trường 
245 0 |c Trần Văn Nam 
260 |a Cần Thơ 
260 |b Trường Đại học Cần Thơ 
260 |c 2001 
520 |a Nội dung giới thiệu các biểu trưng nghên thuật trong ca dao Nam Bộ, vùng đất Nam bộ trong ngôn ngữ biểu trưng của ca dao và con người Nam bộ trong ngôn ngữ biểu trưng của ca dao. 
650 |a Folk-song, Vietnamese,Ca dao Việt Nam 
904 |i Qhieu 
980 |a Trung tâm Học liệu Trường Đại học Cần Thơ